Mestský polyfunkčný komplex
Enregistré dans:
| Auteur principal: | |
|---|---|
| Autres auteurs: | |
| Format: | Manuscrit Livre |
| Langue: | slovaque |
| Publié: |
Bratislava
2021
|
| Sujets: | |
| Accès en ligne: | http://is.stuba.sk/zp/portal_zp.pl?podrobnosti=159482 |
| Tags: |
Pas de tags, Soyez le premier à ajouter un tag!
|
MARC
| LEADER | 00000ntm a22000003a 4500 | ||
|---|---|---|---|
| 001 | stuzp83624 | ||
| 003 | SK-STU | ||
| 005 | 20220217121515.1 | ||
| 007 | ta | ||
| 008 | 150427s2015----xo-----f-mn---000-0-slo-d | ||
| 040 | |a STU |b slo | ||
| 041 | 0 | |a slo | |
| 100 | 1 | |a Hricová Jančová, Lenka |u 051110 |4 aut |U FAD Fakulta architektúry a dizajnu |T FAD Ústav architektúry obytných budov |X 82321 |U A1110 |Y 392 |7 82321 | |
| 242 | 0 | 1 | |a Urban Multifunctional Complex |y eng |
| 245 | 1 | 0 | |a Mestský polyfunkčný komplex |
| 260 | |c 2021 |a Bratislava | ||
| 650 | 4 | |a blok |2 slo | |
| 650 | 4 | |a variabilita |2 slo | |
| 650 | 4 | |a polyfunkčná budova |2 slo | |
| 650 | 4 | |a coworking |2 slo | |
| 650 | 4 | |a coliving |2 slo | |
| 650 | 4 | |a block |2 eng | |
| 650 | 4 | |a variability |2 eng | |
| 650 | 4 | |a multifunctional building |2 eng | |
| 650 | 4 | |a coworking |2 eng | |
| 650 | 4 | |a coliving |2 eng | |
| 700 | 1 | |a Bacová, Andrea |u 051110 |k Z1 |4 ths |U FAD Fakulta architektúry a dizajnu |T FAD Ústav architektúry obytných budov |X 354 |U A1110 |Y 392 |7 A000000354 | |
| 856 | 4 | |u http://is.stuba.sk/zp/portal_zp.pl?podrobnosti=159482 |u https://opac.crzp.sk/?fn=detailBiblioForm&sid=0C216CD716E182230C2C0CAAC853 | |